000 01124nam a2200265 a 4500
005 20170120020001.0
008 160411s2015 ck d gr 00010 spa d
020 _a9789588677262
040 _aCO-BoBLA
_cCO-BoBLA
_dCO-BoIAVH
041 0 _aspa
044 _ack
082 0 4 _a333.7068
_bG84g
100 1 _aGuhl Nannetti, Ernesto
_eautor
245 1 3 _aLa gestión ambiental en Colombia, 1994-2014 :
_b¿un esfuerzo insostenible? /
_cErnesto Guhl Nannetti, y Pablo Leyva.
250 _aPrimera edición
260 _aBogotá, Colombia :
_bFriedrich Ebert Stiftung :
_bFNA. Foro Nacional Ambiental :
_bQuinaxi,
_c2015.
300 _a223 páginas :
_bgráficos y tablas ;
_c24 x 17 cm.
504 _aIncluye referencias bibliográficas: páginas 214-223
650 2 6 _aGestión ambiental
_xpolítica
_zColombia
_y1994-2014
650 2 6 _aProtección ambiental
_zColombia
_y1994-2014
650 2 6 _aConservación de la naturaleza
_zColombia
_y1994-2014
650 2 6 _aInstituciones de investigación
_zColombia
_y1994-2014
700 1 _aLeyva, Pablo
_eautor
942 _2ddc
_cLIBRO
_01
999 _c19162
_d19162